| 000 | 00966cam a22002411i 4500 | ||
|---|---|---|---|
| 003 | SA-RiAUC | ||
| 005 | 20241017082207.0 | ||
| 008 | 241017s2010 ku g 00010 ara c | ||
| 040 |
_aSA-JeALM _bara _cSA-RiAUC _erda |
||
| 082 | 0 | 4 |
_a252.23 _qSA-RiAUC |
| 090 |
_a252.23 _bص ا هـ |
||
| 100 | 1 |
_aالصاهود، صالح بن سالم _eمؤلف. |
|
| 245 | 1 | 0 |
_aحكم صلاة الجمعة قبل الزوال : _bدراسة فقهية حديثة / _cصالح بن سالم بن عبد الله الصاهود. |
| 250 | _aالطبعة الأولى, | ||
| 264 | 1 |
_aالكويت : _bقطاع الماجد مكتب الشؤون الفنية. _c2008 |
|
| 300 |
_a142 صفحة ؛ _c24 سم |
||
| 336 |
_aنص _btxt _2rdacontent _3كتاب |
||
| 337 |
_aبدون وسيط _bn _2rdamedia |
||
| 338 |
_aمجلد _bnc _2rdacarrier |
||
| 650 | 7 |
_aصلاة الجمعة (فقه إسلامي) _2aucsh |
|
| 942 |
_2ddc _cBOOK _n0 |
||
| 949 |
_aSA-JeALM _d241017 _umohamedma123 _n1 |
||
| 999 |
_c1458 _d1458 |
||